00448nam a2200157Ia 450000500170000000800410001702000150005808200210007324500520009426000580014630000170020465000130022165000140023465000210024870000210026920250120061249.0240331s9999 xx 000 0 und d a033509757X bCAM21166a305.4 0aCritical Feminism:bArgument in the Disciplines aBuckinghamaPhiladelphiabOpen University Pressc1992 axii, 224 p., aFeminism aSocialism aWomen Psychology aCampbell, Keedt